000
00211nam a2200097Ia 4500
005
20251222114412.0
008
251222s1900||||xx |||||||||||||| ||spa||
082
_a
DVD0010/P26/2001
245
0
_a
Shaft:
942
_c
DVD
999
_c
2057
_d
2057